000 00821nam a2200265 a 4500
001 000020206
005 20200929170320.0
008 100727s1944 sp 001 p spa d
040 _aDO-SdBNP
_bspa
_cBNPHU
082 _a808.103
_bZ88Le, 1944
100 1 _aZorrilla, José,
_d1817-1893
_94939
245 1 0 _aLeyendas y tradiciones /
_cJosé Zorrilla.
250 _a3a ed.
260 _aMadrid :
_bEspasa-Calpe,
_c[1944].
300 _a160, [12] p. ;
_c18 cm.
490 1 _aAustral. Violeta: teatro y poesía
_v439
500 _aIncluye índice de autores
650 4 _aLeyendas
_zEspaña
_915564
650 4 _aProsa española
_915565
650 4 _aCuentos populares
_915566
650 4 _aLiteratura folclórica
_91529
830 0 _aAustral.
_pVioleta: teatro y poesía
_v439
_939559
910 _aWM
049 _aBNGR
999 _c19713
_d19713